Principles and application of radiological physics/ (Record no. 13519)
[ view plain ]
| 000 -LEADER | |
|---|---|
| fixed length control field | 00599nam a22001937a 4500 |
| 003 - CONTROL NUMBER IDENTIFIER | |
| control field | USm |
| 005 - DATE AND TIME OF LATEST TRANSACTION | |
| control field | 20140310182441.0 |
| 008 - FIXED-LENGTH DATA ELEMENTS--GENERAL INFORMATION | |
| fixed length control field | 130402t xxu||||| |||| 00| 0 eng d |
| 020 ## - INTERNATIONAL STANDARD BOOK NUMBER | |
| International Standard Book Number | 9780702043093 |
| 050 ## - LIBRARY OF CONGRESS CALL NUMBER | |
| Classification number | R 895 |
| Item number | .P957 2011 |
| 100 ## - MAIN ENTRY--PERSONAL NAME | |
| Personal name | Graham, Donald T. |
| 9 (RLIN) | 7900 |
| 245 ## - TITLE STATEMENT | |
| Title | Principles and application of radiological physics/ |
| Statement of responsibility, etc | Donald T. Graham, Paul Cloke, Martin Vosper. |
| 250 ## - EDITION STATEMENT | |
| Edition statement | 6th ed. |
| 260 ## - PUBLICATION, DISTRIBUTION, ETC. (IMPRINT) | |
| Place of publication, distribution, etc | Edinburgh: |
| Name of publisher, distributor, etc | Churchill Livingstone/Elsevier, |
| Date of publication, distribution, etc | c2011. |
| 300 ## - PHYSICAL DESCRIPTION | |
| Extent | 378 p. : |
| Other physical details | ill. ; |
| Dimensions | 25 cm. |
| 650 ## - SUBJECT ADDED ENTRY--TOPICAL TERM | |
| Topical term or geographic name as entry element | Radiological Physics |
| 9 (RLIN) | 7901 |
| 942 ## - ADDED ENTRY ELEMENTS (KOHA) | |
| Source of classification or shelving scheme | Library of Congress Classification |
| Koha item type | |
| Withdrawn status | Lost status | Source of classification or shelving scheme | Damaged status | Home library | Current library | Shelving location | Date acquired | Total Checkouts | Total Renewals | Full call number | Barcode | Date last seen | Date checked out | Copy number | Price effective from | Koha item type |
|---|---|---|---|---|---|---|---|---|---|---|---|---|---|---|---|---|
| Library of Congress Classification | South SEED-LPDH College Library | South SEED-LPDH College Library | South SEED-LPDH College Section | 04/02/2013 | 1 | 10 | R 895 .P957 2011 | SSLC1091 | 05/15/2018 | 09/11/2014 | 1 | 11/06/2013 | Books |